LEADER 01193nam a2200217 i 4500 001 000000198716 003 CaOOAMICUS 005 20110308000000.0 008 110308s1829 it u000 u ita u 013 $a177406 026 $aceo- hai- eelo pose (3) 1829 (A) 040 $aSeMil$bita 245 10$aAlla pretura della Romagna inferiore sostenuta dal signor avvocato Armellini allegazione dell'avvocato Federico Armandi nella causa Bellenghi e Padovani figlia emancipata ricaduta in podestŕ :$bdote ritornata : patti nuziali. 260 $aBologna :$bTip. Emidio dall'Olmo,$c1829. 300 $a68 ;$c22 cm. 700 1 $aArmandi, Federico .$0(OLS)http://semarc/name/71913 773 0 $t[Miscellanea.$w()24517 850 $aSeMil 852 $aSeMil$W1$xVenegono$y1$m5B I 13/9 FA$j149272$B149272$CSeMilBibl$Z2$F160635 $8I 996 $6245$aAlla pretura della Romagna inferiore sostenuta dal signor avvocato Armellini allegazione dell'avvocato Federico Armandi nella causa Bellenghi e Padovani figlia emancipata ricaduta in podestŕ :$bdote ritornata : patti nuziali$9(OLS)http://semarc/title/287212 996 $6260$aBologna :$bTip. Emidio dall'Olmo$9(OLS)http://semarc/publisher/51227 LEADER 01158nam a2200265 i 4500 001 000000120974 003 CaOOAMICUS 005 20031203000000.0 008 031203s1959 it u000 u eng u 013 $a93668 040 $aSeMil$bita 100 1 $aSmrzík, Stephen .$0(OLS)http://semarc/name/50308 245 14$aThe Glagolitic or Roman-Slavonic liturgy /$cStephen Smrzík. 260 $aCleveland (Ohio, USA) ; Rome (Italy) :$bSlovak Institute,$c1959. 300 $a120 p., [8] p. di tav. ;$c24 cm. 490 0 $aSeries Cyrillomethodiana ;$vVolumen2. 500 $aContiene : Bibliography. - Fondo Card. C.M. Martini. 650 4$aLiturgia glagolitica.$0(OLS)http://semarc/subject/22830 830 0$aSeries Cyrillomethodiana ;$vVolumen2.$0(OLS)http://semarc/title/14053 850 $aSeMil 852 $aSeMil$W1$xVenegono$y1$m3K III 5$j76101$B76101$CSeMilBibl$Z2$F83325 $81 941 1 $a4 961 $aOmaggio: Martini Card. Carlo Maria 996 $6245$aThe Glagolitic or Roman-Slavonic liturgy$9(OLS)http://semarc/title/178069 996 $6260$aCleveland (Ohio, USA) ; Rome (Italy) :$bSlovak Institute$9(OLS)http://semarc/publisher/32921